ბათუმის შოთა რუსთაველის სახელმწიფო უნივერსიტეტის ბიბლიოთეკა

Конфликты и мировая политика : (ბიბ.ჩანაწერი № 41629)

000 -LEADER
fixed length control field 00720nam a2200205Ia 4500
001 - CONTROL NUMBER
control field 8298
003 - CONTROL NUMBER IDENTIFIER
control field GE_BSU
005 - DATE AND TIME OF LATEST TRANSACTION
control field 20240429120357.0
008 - FIXED-LENGTH DATA ELEMENTS--GENERAL INFORMATION
fixed length control field 181216s2008||||ru |||||||||||||| ||rus||
020 ## - INTERNATIONAL STANDARD BOOK NUMBER
International Standard Book Number 978547800833
040 ## - CATALOGING SOURCE
Transcribing agency GE_BSU
080 ## - UNIVERSAL DECIMAL CLASSIFICATION NUMBER
Universal Decimal Classification number 327.5(100)(075.8) Б-26
100 ## - MAIN ENTRY--PERSONAL NAME
Personal name Барышников, Дмитрий
9 (RLIN) 21976
245 ## - TITLE STATEMENT
Title Конфликты и мировая политика :
Remainder of title Учебн. пособие /
Statement of responsibility, etc. Дмитрий Барышников ; Отв. ред. В. С. Ягья.
264 ## - PRODUCTION, PUBLICATION, DISTRIBUTION, MANUFACTURE, AND COPYRIGHT NOTICE
Place of production, publication, distribution, manufacture Москва :
Name of producer, publisher, distributor, manufacturer Восток-Запад,
Date of production, publication, distribution, manufacture, or copyright notice 2008.
300 ## - PHYSICAL DESCRIPTION
Extent 383 стр. ;
Dimensions 21 см.
653 ## - INDEX TERM--UNCONTROLLED
keyword Конфликты и мировая политика
942 ## - ADDED ENTRY ELEMENTS (KOHA)
Koha item type წიგნი
Source of classification or shelving scheme
ეგზემპლარები
Withdrawn status Lost status Source of classification or shelving scheme Damaged status Not for loan Permanent Location Current Location Shelving location Date acquired Cost, normal purchase price Full call number Barcode Date last seen Copy number Price effective from Koha item type Public note
          ბათუმის შოთა რუსთაველის სახელმწიფო უნივერსიტეტის მთავარი ბიბლიოთეკა ბათუმის შოთა რუსთაველის სახელმწიფო უნივერსიტეტის მთავარი ბიბლიოთეკა წიგნსაცავი 2018-12-17 33.00 327.5(100)(075.8) Б-26 26692 2018-12-17 26692 2018-12-17 წიგნი 33.00 ₾.